Πως μαθαίνουν τα παιδιά
Αποθηκεύτηκε σε:
| Κύριος συγγραφέας: | |
|---|---|
| Άλλοι συγγραφείς: | |
| Μορφή: | Βιβλίο |
| Γλώσσα: | Greek English |
| Δημοσίευση: |
Αθήνα :
Καστανιώτης,
1995.
|
| Έκδοση: | εκδ., αναθ. |
| Σειρά: | Σύγχρονη παιδαγωγική βιβλιοθήκη
|
| Θέματα: | |
| Ετικέτες: |
Προσθήκη ετικέτας
Δεν υπάρχουν, Καταχωρήστε ετικέτα πρώτοι!
|
MARC
| LEADER | 00000cam a2200000 i 4500 | ||
|---|---|---|---|
| 001 | 1/86134 | ||
| 008 | 980324s1995 gr | ||| |||| ||gre|| | ||
| 020 | |a 960031408X | ||
| 035 | |a 1997 |b 3 |c Πολεμικός |l 10034890 | ||
| 040 | |a GR-MyUa |b gre |e AACR2 | ||
| 041 | 1 | |a gre |h eng | |
| 082 | 7 | |a 370.1523 |2 (22) | |
| 100 | 1 | |a Holt, John Caldwell, |d 1923-1985. | |
| 245 | 1 | 0 | |a Πως μαθαίνουν τα παιδιά / |c Τζον Χόλτ ; μετάφραση: Δροσούλα Τσαρμακλή. |
| 250 | |a εκδ., αναθ. | ||
| 260 | |a Αθήνα : |b Καστανιώτης, |c 1995. | ||
| 300 | |a 359 σ. ; |c 21 εκ. | ||
| 490 | 1 | |a (Σύγχρονη παιδαγωγική βιβλιοθήκη) | |
| 650 | 0 | |a Learning. | |
| 650 | 0 | |a Education. | |
| 650 | 0 | |a Cognition in children. | |
| 700 | 1 | |a Τσαρμακλή, Δροσούλα, |e trlf | |
| 765 | 0 | 8 | |i Μετάφραση του: |t How children learn / |
| 830 | 0 | |a Σύγχρονη παιδαγωγική βιβλιοθήκη | |
| 852 | |a INST |b RHODES |e 19980324 |h 370.1523 HOL |p 005400010928 |q 005400010928 |t BK |y 0 | ||
| 852 | |a INST |b RHODES |e 20030602 |h 370.1523 HOL |p 005400020385 |q 005400020385 |t BK |y 0 | ||
| 901 | |a BIBL-1998-1 | ||
| 970 | |z 1998/03 | ||